000 00315nam a2200157Ia 4500
100 _aChakrabarti/Soumen
942 _cBK
366 _f20
654 _amining
245 _aMining the web
260 _bElsevier
_c2003
082 _a4.65
_bCHA
300 _a344
546 _aENGLISH
_celectronics
999 _c21756
_d21756